000 00768nam a2200229Ii 4500
003 JO-AjNU
008 230605s9999||||xx |||||||||||||| ||und||
017 _a2011/1/459
020 _a978-9957-32-582-4
040 _aJO-AjNU
_bara
_erda
_cJO-AjNU
041 _aara
050 1 4 _aHD58.95.T373.2011
100 3 _aالطراونة،حسين احمد/توفيق صالح عبدالهادي,
_eauthor
_931538
245 0 0 _aالرقاية الادارية
250 _aط1
264 3 1 _aعمان:دار الحامد للنشر والتوزيع،2011
300 _a321ص
336 _atext
_btxt
_2rdacontent
337 _aunmediated
_bn
_2rdamedia
338 _avolume
_bnc
_2rdacarrier
650 4 _aادارة الاعمال-الرقابة الادارية
_931539
999 _aA12625
_c16193
_d16193